U.K. Cities with Double Letters - Statistics

General Stats
  • This quiz has been taken 2,435 times
  • The average score is 7 of 11
Answer Stats
Country City % Correct
Wales Cardiff
87%
England Liverpool
81%
Scotland Aberdeen
80%
England Leeds
74%
Northern Ireland Derry / Londonderry
69%
Scotland Dundee
64%
Scotland Inverness
62%
England Nottingham
59%
England Sheffield
53%
England Kingston upon Hull
51%
England Wells
22%
No matching quizzes found
Score Distribution
Percent of People with Each Score
Percentile by Number Answered
Your Score History
You have not taken this quiz